LIBRARY & INFORMATION CENTRE, KCAET, TAVANUR

ONLINE PUBLIC ACCESS CATALOGUE (OPAC)

Development and testing of tractor operated bed former for seed bed preparation in kaipad region (Record no. 14927)

MARC details
000 -LEADER
fixed length control field 00735nam a22001817a 4500
003 - CONTROL NUMBER IDENTIFIER
control field OSt
088 ## - REPORT NUMBER
Report number T 247
100 ## - MAIN ENTRY--AUTHOR NAME
Personal name RAJESH A.N
245 ## - TITLE STATEMENT
Title Development and testing of tractor operated bed former for seed bed preparation in kaipad region
260 ## - PUBLICATION, DISTRIBUTION, ETC. (IMPRINT)
Place of publication Tavanur 2012
Name of publisher DEPARTMENT OF FARM POWER MACHINERY AND ENERGY
300 ## - PHYSICAL DESCRIPTION
Number of Pages 80
500 ## - GENERAL NOTE
General note Development and testing of tractor operated bed former for seed bed preparation in kaipad region
520 ## - SUMMARY, ETC.
Summary, etc Development and testing of tractor operated bed former for seed bed preparation in kaipad region
700 ## - ADDED ENTRY--PERSONAL NAME
Personal name Dr. Jayan P.R (Guide)
856 ## - ELECTRONIC LOCATION AND ACCESS
Uniform Resource Identifier https://drive.google.com/open?id=1WD2Gg2J2OB7uHNLAcsNMslHCxp1G19E8
942 ## - ADDED ENTRY ELEMENTS (KOHA)
Koha item type Theses
Holdings
Collection code Home library Current library Shelving location Full call number Accession Number Koha item type Public note
Reference KAUAET KAUAET Reference 631.3 RAJ/DE T 247 Theses M.Tech Thesis
free website counter